
Library Catalogue

| 000 -LEADER | |
|---|---|
| fixed length control field | 00546nam a2200193Ia 4500 |
| 005 - DATE AND TIME OF LATEST TRANSACTION | |
| control field | 20260323060231.0 |
| 008 - FIXED-LENGTH DATA ELEMENTS--GENERAL INFORMATION | |
| fixed length control field | 160316s2011 xxu||||| |||| 00| 0 eng d |
| 020 ## - INTERNATIONAL STANDARD BOOK NUMBER | |
| International Standard Book Number | 9789380177755 |
| 082 ## - DEWEY DECIMAL CLASSIFICATION NUMBER | |
| Classification number | 341.481000 JHA |
| 100 ## - MAIN ENTRY--PERSONAL NAME | |
| Personal name | Jha, U. C. |
| 245 ## - TITLE STATEMENT | |
| Title | International humanitarian law : |
| Remainder of title | the laws of war / |
| Statement of responsibility, etc. | U. C. Jha |
| 260 ## - PUBLICATION, DISTRIBUTION, ETC. | |
| Place of publication, distribution, etc. | New Delhi : |
| Name of publisher, distributor, etc. | Vij Books, |
| Date of publication, distribution, etc. | 2011. |
| 300 ## - PHYSICAL DESCRIPTION | |
| Extent | xi, 425 p. ; |
| Other physical details | 23 cm. |
| 365 ## - TRADE PRICE | |
| Price amount | Rs. 1,650 for |
| 650 ## - SUBJECT ADDED ENTRY--TOPICAL TERM | |
| Topical term or geographic name entry element | Humanitarian law |
| 650 ## - SUBJECT ADDED ENTRY--TOPICAL TERM | |
| Topical term or geographic name entry element | International haw -- Human rights |
| 700 ## - ADDED ENTRY--PERSONAL NAME | |
| Personal name | |
| -- | |
| 942 ## - ADDED ENTRY ELEMENTS (KOHA) | |
| Source of classification or shelving scheme | Dewey Decimal Classification |
| Koha item type | BOOKs |
| Withdrawn status | Lost status | Damaged status | Not for loan | Home library | Current library | Shelving location | Date acquired | Cost, normal purchase price | Total Checkouts | Full call number | Barcode | Date last seen | Price effective from | Koha item type | Total Renewals | Date last checked out |
|---|---|---|---|---|---|---|---|---|---|---|---|---|---|---|---|---|
| . | . | 30.05.2017 | 1650.00 | 341.481 JHA-1 | 25509 | 30.05.2017 | 30.05.2017 | BOOKs | ||||||||
| . | . | 30.05.2017 | 1650.00 | 341.481 JHA-2 | 25510 | 30.05.2017 | 30.05.2017 | BOOKs | ||||||||
| . | . | Library Compactors | 30.05.2017 | 1650.00 | 2 | 341.481 JHA-3 | 25511 | 14.03.2020 | 30.05.2017 | BOOKs | 4 | 02.03.2020 | ||||
| . | . | Library Compactors | 30.05.2017 | 1650.00 | 341.481 JHA-4 | 25512 | 30.05.2017 | 30.05.2017 | BOOKs |